| 000 | 00828nam a22002417a 4500 | ||
|---|---|---|---|
| 005 | 20251108172751.0 | ||
| 008 | 250721s1992 xx 000 0 ara d | ||
| 082 | 1 | 4 | _aم/304.60956511/مدا |
| 100 | 1 |
_aالمدانات، لين نسيم _eمؤلف |
|
| 245 | 1 | 0 | _aالمعرفة والإتجاهات بالقضايا السكانية بين طلبة الثاني الثانوي (التوجيهي) في مدينة عمان الكبرى / |
| 264 | 1 |
_aعمان : _c1992. |
|
| 300 | _a350ص. | ||
| 500 | _a/رسائل الماجستير | ||
| 650 | 1 | 7 | _aالديموغرافيا |
| 650 | 1 | 7 | _aالعوامل الجغرافية |
| 650 | 1 | 7 | _aالأبحاث |
| 650 | 1 | 7 | _aأساليب البحث |
| 650 | 1 | 7 | _aالتربية |
| 650 | 1 | 7 | _aالطلاب |
| 650 | 1 | 7 | _aالأدب |
| 942 |
_2ddc _cREF |
||
| 999 |
_c87996 _d87996 |
||